00344nam a2200109 a 450000500170000000800410001705000170005824500760007526000400015144000220019165000210021320140414132109.0110106s19uu xx 00 eng d aTRbW72 2010 aThe Lion King playtime with simba :ba little book of describing words. aQueenstreet, UK :bParragon,c2010. aDisney Board Book aDescribing words